<?xml version="1.0" encoding="UTF-8"?>
<record
    xmlns:xsi="http://www.w3.org/2001/XMLSchema-instance"
    xsi:schemaLocation="http://www.loc.gov/MARC21/slim http://www.loc.gov/standards/marcxml/schema/MARC21slim.xsd"
    xmlns="http://www.loc.gov/MARC21/slim">

  <leader>01412nam a2200265 u 4500</leader>
  <controlfield tag="001">909</controlfield>
  <controlfield tag="005">20260428104158.0</controlfield>
  <controlfield tag="008">950314s1977                        spa  </controlfield>
  <datafield tag="035" ind1=" " ind2=" ">
    <subfield code="a">909</subfield>
  </datafield>
  <datafield tag="035" ind1=" " ind2=" ">
    <subfield code="a">(OCoLC)43689542</subfield>
  </datafield>
  <datafield tag="040" ind1=" " ind2=" ">
    <subfield code="c">comduadb</subfield>
  </datafield>
  <datafield tag="041" ind1=" " ind2=" ">
    <subfield code="a">spa</subfield>
  </datafield>
  <datafield tag="082" ind1=" " ind2="4">
    <subfield code="a">853</subfield>
  </datafield>
  <datafield tag="100" ind1="1" ind2="0">
    <subfield code="a">Calvino, Italo,</subfield>
    <subfield code="d">1923-1985</subfield>
    <subfield code="4">aut</subfield>
    <subfield code="0">(isni)0000 0001 2117 119X</subfield>
    <subfield code="0">(viaf)8520</subfield>
    <subfield code="e">aut</subfield>
    <subfield code="9">238785</subfield>
  </datafield>
  <datafield tag="245" ind1="1" ind2="3">
    <subfield code="a">El castillo de los destinos cruzados</subfield>
  </datafield>
  <datafield tag="250" ind1=" " ind2=" ">
    <subfield code="a">1. ed.</subfield>
  </datafield>
  <datafield tag="260" ind1=" " ind2=" ">
    <subfield code="a">Argentina :</subfield>
    <subfield code="b">Fausto,</subfield>
    <subfield code="c">1977.</subfield>
  </datafield>
  <datafield tag="300" ind1=" " ind2=" ">
    <subfield code="a">143 p&#xE1;ginas</subfield>
  </datafield>
  <datafield tag="500" ind1=" " ind2=" ">
    <subfield code="a">Titulo original:Il castello dei destini incrociati Compra:Libreria Continental:SEP/94.</subfield>
  </datafield>
  <datafield tag="520" ind1="3" ind2=" ">
    <subfield code="a">RESUMEN : El castillo de los destinos cruzados, que Italo Calvino consideraba uno de sus mejores libros y el m&#xE1;s fant&#xE1;stico entre ellos. Las dos narraciones que lo componen han sido construidas a partir de un mismo desaf&#xED;o formal: las posibles interpretaciones de dos diferentes mazos de tarot, el Visconti, para El castillo de los destinos cruzados, con sus delicados miniados que reflejan el refinamiento renacentista, y, para La taberna de los destinos cruzados, el de Marsella, de trazos m&#xE1;s toscos y que requiere un lenguaje m&#xE1;s popular</subfield>
  </datafield>
  <datafield tag="650" ind1=" " ind2="7">
    <subfield code="a">Literatura italiana</subfield>
    <subfield code="2">lemb</subfield>
    <subfield code="9">10821</subfield>
  </datafield>
  <datafield tag="650" ind1=" " ind2="7">
    <subfield code="a">Autores italianos</subfield>
    <subfield code="2">lemb</subfield>
    <subfield code="9">59266</subfield>
  </datafield>
  <datafield tag="700" ind1="1" ind2="0">
    <subfield code="a">Bern&#xE1;rdez, Aurora,</subfield>
    <subfield code="d">1920-2014</subfield>
    <subfield code="4">trl</subfield>
    <subfield code="0">(isni)0000 0001 2026 6533</subfield>
    <subfield code="0">(viaf)59213158</subfield>
    <subfield code="e">trl</subfield>
    <subfield code="9">398470</subfield>
  </datafield>
  <datafield tag="942" ind1=" " ind2=" ">
    <subfield code="c">BOOK</subfield>
  </datafield>
  <datafield tag="999" ind1=" " ind2=" ">
    <subfield code="c">2064</subfield>
    <subfield code="d">2064</subfield>
  </datafield>
  <datafield tag="952" ind1=" " ind2=" ">
    <subfield code="0">0</subfield>
    <subfield code="1">0</subfield>
    <subfield code="4">0</subfield>
    <subfield code="7">0</subfield>
    <subfield code="8">COLIT</subfield>
    <subfield code="a">BC</subfield>
    <subfield code="b">BC</subfield>
    <subfield code="d">1997-07-01</subfield>
    <subfield code="i">C1017</subfield>
    <subfield code="l">2</subfield>
    <subfield code="m">1</subfield>
    <subfield code="o">853 C168ca e2</subfield>
    <subfield code="p">61000000246500</subfield>
    <subfield code="r">2025-06-26 11:01:08</subfield>
    <subfield code="s">2025-05-19</subfield>
    <subfield code="t">1</subfield>
    <subfield code="w">2023-04-20</subfield>
    <subfield code="y">BOOK</subfield>
  </datafield>
  <datafield tag="952" ind1=" " ind2=" ">
    <subfield code="0">0</subfield>
    <subfield code="1">0</subfield>
    <subfield code="4">0</subfield>
    <subfield code="7">0</subfield>
    <subfield code="8">COLIT</subfield>
    <subfield code="a">BC</subfield>
    <subfield code="b">BC</subfield>
    <subfield code="d">1999-11-27</subfield>
    <subfield code="e">Material adquirido por donaci&#xF3;n</subfield>
    <subfield code="i">C617485</subfield>
    <subfield code="l">1</subfield>
    <subfield code="o">853 C168ca e3</subfield>
    <subfield code="p">61000000121117</subfield>
    <subfield code="r">2024-12-10 00:00:00</subfield>
    <subfield code="s">2024-10-29</subfield>
    <subfield code="t">2</subfield>
    <subfield code="w">2023-04-20</subfield>
    <subfield code="y">BOOK</subfield>
  </datafield>
</record>
